00536nam a22001577a 450000500170000002000220001703500130003903700130005210000280006524500620009326000510015530000190020694200220022599900170024795201140026420120410144029.0 a817024949Xc00.00 aA-893441 aDPLbENG aMahmud, S. Jafar944929 aBuddhism :bReligion and meditation /cby S. Jafar Mahmud aNew DelhibA.P.H. Publishing Corporationc1998 a386p.c18 cms. 2ddccENh250mMAH c64826d64826 001040708NFICaZLSbZLSd2012-04-10g0.00l0o250 MAHpA-893441r2012-04-10 00:00:00v0.00w2012-04-10yEN